Problematika vynálezcovství a zlepšovatelství v resortu MZVž - zemědělství skripta pro speciální kurs

Uložené v:
Podrobná bibliografia
Médium: Kniha
Jazyk:Czech
Vydavateľské údaje: Praha Dům techniky ČSVTS 1983
Tagy: Pridať tag
Žiadne tagy, Buďte prvý, kto otaguje tento záznam!

MARC

LEADER 00000nam a2200000 4500
001 c115142
005 20041019155200.5
041 0 |a cze 
044 |a CZ 
245 1 0 |a Problematika vynálezcovství a zlepšovatelství v resortu MZVž - zemědělství  |b skripta pro speciální kurs 
264 1 |a Praha  |b Dům techniky ČSVTS  |c 1983 
300 |a 92 s.